| 000 | 00381nam a2200121Ia 4500 | ||
|---|---|---|---|
| 008 | 231129s9999||||xx |||||||||||||| ||spa|| | ||
| 040 | _bspa | ||
| 082 | _a986.101 C172c | ||
| 100 | _aCamargo Perez Gabriel | ||
| 245 | 0 | _aColombia - 1947 : Primer arribo espanol a tierra firme (La verdad de Amerigo Vespucci) | |
| 264 | _aInstituto Colombiano de Cultura Hispanica | ||
| 942 |
_2ddc _cBKS |
||
| 999 |
_c7284 _d7284 |
||